[Event "Warsaw YMCA Spring-A 286th"]
[Site "Warsaw"]
[Date "2024.04.12"]
[Round "1"]
[White "Warszawski, Bartosz"]
[Black "Basiaga, Sebastian"]
[Result "1-0"]
[WhiteElo "2118"]
[BlackElo "1917"]
[PlyCount "57"]
[EventDate "2024.04.12"]
[EventType "tourn"]
[EventRounds "11"]
[EventCountry "POL"]
[SourceTitle "EXT 2025"]
[Source "ChessBase"]
[SourceDate "2024.10.14"]
[SourceVersion "1"]
[SourceVersionDate "2024.10.14"]
[SourceQuality "1"]

1. e4 e5 2. Nf3 Nf6 3. d4 Nxe4 4. Bd3 d5 5. Nxe5 Bd6 6. 0-0 0-0 7. c4 Bxe5 8. dxe5 Nc6 9. cxd5 Qxd5 10. Qf3 f5 11. exf6 Nxf6 12. Qxd5+ Nxd5 13. Bc4 Be6 14. Rd1 Nf4 15. Bxf4 Bxc4 16. Bxc7 Rac8 17. Bd6 Rf7 18. Nc3 Rd7 19. Bc5 Rcd8 20. b3 Rxd1+ 21. Rxd1 Rxd1+ 22. Nxd1 Bd3 23. f3 Kf7 24. Kf2 Ke6 25. Ke3 Bc2 26. Nc3 g6 27. Kd2 b6 28. Be3 Nb4 29. a3 1-0

[Event "Warsaw Maciei Memorial"]
[Site "Warsaw"]
[Date "2022.07.08"]
[Round "8"]
[White "Sriram, Jha"]
[Black "Basiaga, Sebastian"]
[Result "1-0"]
[WhiteElo "2361"]
[BlackElo "1770"]
[PlyCount "69"]
[EventDate "2022.07.08"]
[EventType "swiss (blitz)"]
[EventRounds "11"]
[EventCountry "POL"]
[SourceTitle "CBM 209 Extra"]
[Source "ChessBase"]
[SourceDate "2022.09.30"]
[SourceVersion "1"]
[SourceVersionDate "2022.09.30"]
[SourceQuality "1"]

1. d4 d5 2. Nf3 Nf6 3. c4 c6 4. Nc3 e6 5. g3 Nbd7 6. Bg2 Be7 7. 0-0 b6 8. Nd2 Bb7 9. e4 dxe4 10. Ndxe4 Nxe4 11. Nxe4 Nf6 12. Re1 0-0 13. a3 Qd7 14. Qc2 Nxe4 15. Bxe4 g6 16. Be3 Bf6 17. Rad1 Rfd8 18. c5 b5 19. a4 a6 20. h4 Bg7 21. h5 Qc7 22. b4 e5 23. dxe5 Bxe5 24. hxg6 hxg6 25. Bg5 f6 26. Be3 f5 27. Bg2 Qg7 28. Bg5 Bf6 29. Qb3+ Kf8 30. Qe3 Re8 31. Bh6 Rxe3 32. Bxg7+ Bxg7 33. Rxe3 bxa4 34. Rd7 Bc8 35. Rd8+ 1-0

[Event "EU Corporate-ch"]
[Site "Rotterdam"]
[Date "2022.06.18"]
[Round "4"]
[White "Basiaga, Sebastian"]
[Black "Van den Broek, Rene"]
[Result "1-0"]
[WhiteElo "1749"]
[BlackElo "1980"]
[PlyCount "57"]
[EventDate "2022.06.18"]
[EventType "team-tourn (rapid)"]
[EventRounds "9"]
[EventCountry "NED"]
[SourceTitle "EXT 2023"]
[Source "ChessBase"]
[SourceDate "2022.10.05"]
[SourceVersion "1"]
[SourceVersionDate "2022.10.05"]
[SourceQuality "1"]

1. e4 Nc6 2. d4 e5 3. d5 Nce7 4. c4 Ng6 5. Bd3 Nf6 6. Ne2 Bc5 7. 0-0 d6 8. Nbc3 Bd7 9. Na4 Bxa4 10. Qxa4+ Qd7 11. Qc2 0-0 12. Ng3 Nh5 13. Nxh5 Qg4 14. Be2 Qh4 15. Ng3 Nf4 16. Be3 Qg5 17. Bxc5 dxc5 18. Rfe1 h5 19. Bf3 Qh4 20. Ne2 g5 21. Nxf4 gxf4 22. Red1 Rad8 23. Qc3 Qg5 24. Qa5 Rd6 25. Qxc5 Rc8 26. Qxa7 b6 27. Qa3 h4 28. h3 f5 29. exf5 1-0

[Event "Lodz Jan Krzysztof Duda Cup"]
[Site "Lodz"]
[Date "2021.11.13"]
[Round "4"]
[White "Basiaga, Sebastian"]
[Black "Lewtak, Damian"]
[Result "1/2-1/2"]
[WhiteElo "1708"]
[BlackElo "2381"]
[PlyCount "104"]
[EventDate "2021.11.13"]
[EventType "swiss (rapid)"]
[EventRounds "9"]
[EventCountry "POL"]
[SourceTitle "CBM 205 Extra"]
[Source "ChessBase"]
[SourceDate "2022.01.31"]
[SourceVersion "1"]
[SourceVersionDate "2022.01.31"]
[SourceQuality "1"]

1. e4 c5 2. Nf3 Nf6 3. e5 Nd5 4. Nc3 Nxc3 5. bxc3 d6 6. Bb5+ Bd7 7. Qe2 Bxb5 8. Qxb5+ Qd7 9. c4 Nc6 10. exd6 exd6 11. 0-0 Be7 12. Bb2 0-0 13. a3 a6 14. Qb3 b5 15. cxb5 axb5 16. c4 bxc4 17. Qxc4 d5 18. Qc2 d4 19. d3 Qd5 20. Nd2 Rfb8 21. Nc4 Na5 22. Nxa5 Rxa5 23. Rfb1 h6 24. g3 Qb3 25. Qd2 Raa8 26. Bc1 Qxb1 27. Rxb1 Rxb1 28. Qc2 Rab8 29. Kg2 R1b3 30. Bf4 R8b7 31. a4 Ra3 32. Bd2 Rbb3 33. a5 Rxd3 34. a6 Rxd2 35. Qxd2 Rxa6 36. Qe2 Re6 37. Qc4 Bf8 38. f4 Re8 39. h4 Rd8 40. Kf1 d3 41. Ke1 d2+ 42. Kd1 Rd4 43. Qc3 Be7 44. Qe3 Bf6 45. Qe8+ Kh7 46. Qxf7 Rd8 47. h5 Kh8 48. g4 Bc3 49. g5 Ra8 50. Kc2 Rd8 51. Kd1 Ra8 52. Kc2 Rd8 1/2-1/2

[Event "Rubinstein Memorial op-D 57th"]
[Site "Polanica Zdroj"]
[Date "2021.08.14"]
[Round "1"]
[White "Oglaza, Dawid"]
[Black "Basiaga, Sebastian"]
[Result "1/2-1/2"]
[WhiteElo "1416"]
[BlackElo "1748"]
[PlyCount "75"]
[EventDate "2021.08.14"]
[EventType "swiss"]
[EventRounds "9"]
[EventCountry "POL"]
[SourceTitle "CBM 204 Extra"]
[Source "ChessBase"]
[SourceDate "2021.11.30"]
[SourceVersion "1"]
[SourceVersionDate "2021.11.30"]
[SourceQuality "1"]

1. e4 e5 2. Nf3 Nc6 3. Bc4 Bc5 4. c3 Nf6 5. d4 exd4 6. e5 d5 7. Bb5 Ne4 8. cxd4 Bb6 9. Nc3 0-0 10. Be3 Bg4 11. h3 Bf5 12. g4 Nxc3 13. bxc3 Be4 14. g5 Ne7 15. h4 Nf5 16. Qe2 Rc8 17. Bd3 Bxd3 18. Qxd3 Nxe3 19. fxe3 c5 20. h5 cxd4 21. cxd4 Ba5+ 22. Ke2 Rc3 23. Qf5 Qc8 24. Nh4 Qc4+ 25. Kf2 Rc2+ 26. Kg3 Qe2 27. Qf3 Bd8 28. Qxe2 Rxe2 29. Kf3 Rc2 30. Rhg1 g6 31. h6 Be7 32. Ng2 Rfc8 33. Nf4 Rd8 34. a4 b6 35. Kg4 Rc3 36. Rge1 Bb4 37. Kf3 Be7 38. Kg4 1/2-1/2

[Event "Warsaw YMCA Summer-A 217th"]
[Site "Warsaw"]
[Date "2019.07.19"]
[Round "4"]
[White "Basiaga, Sebastian"]
[Black "Pajak, Jakub Lech"]
[Result "0-1"]
[WhiteElo "1690"]
[BlackElo "1967"]
[PlyCount "56"]
[EventDate "2019.07.03"]
[EventType "swiss"]
[EventRounds "10"]
[EventCountry "POL"]
[SourceTitle "EXT 2020"]
[Source "ChessBase"]
[SourceDate "2019.10.17"]
[SourceVersion "1"]
[SourceVersionDate "2019.10.17"]
[SourceQuality "1"]

1. e4 g6 2. d4 Bg7 3. Nf3 c5 4. Nc3 cxd4 5. Nxd4 Nc6 6. Nxc6 bxc6 7. Bc4 Nf6 8. e5 Ng8 9. Qe2 Qa5 10. 0-0 Qxe5 11. Qf3 Nf6 12. Bf4 Qh5 13. Qe3 0-0 14. Qxe7 d5 15. Be2 Qf5 16. Bg3 Qxc2 17. Rfc1 Qxb2 18. Rab1 Qd2 19. Qc7 Bf5 20. Bf4 Qd4 21. Be3 Qh4 22. g3 Qh3 23. Bf1 Qh5 24. Rb4 Ng4 25. h3 Nxe3 26. fxe3 Qf3 27. Nd1 Be4 28. Qxc6 Qxg3+ 0-1

[Event "Mazowiec-chT op 1718"]
[Site "Warsaw"]
[Date "2017.12.03"]
[Round "2.21"]
[White "Jarmuzynska, Kamila"]
[Black "Basiaga, Sebastian"]
[Result "1/2-1/2"]
[WhiteElo "1749"]
[BlackElo "1477"]
[PlyCount "47"]
[EventDate "2017.12.03"]
[EventType "team-swiss"]
[EventRounds "10"]
[EventCountry "POL"]
[SourceTitle "EXT 2020"]
[Source "ChessBase"]
[SourceDate "2019.10.17"]
[SourceVersion "1"]
[SourceVersionDate "2019.10.17"]
[SourceQuality "1"]

1. c4 c5 2. Nc3 Nf6 3. g3 g6 4. Bg2 Bg7 5. d3 Nc6 6. e4 d6 7. Nge2 e5 8. 0-0 0-0 9. Bg5 h6 10. Be3 Bd7 11. Qd2 Ng4 12. Nd5 Nxe3 13. fxe3 Ne7 14. Nec3 Nxd5 15. Nxd5 Be6 16. Qc2 Bxd5 17. exd5 Qc7 18. Bh3 b6 19. e4 Rab8 20. Qa4 Rb7 21. Rf3 Kh7 22. Raf1 Kg8 23. Qc6 Kh7 24. b3 1/2-1/2